| 000 | 00574cam a2200193 a 4500 | ||
|---|---|---|---|
| 999 |
_c1253 _d1253 |
||
| 001 | 10634 | ||
| 003 | BD-DhUAP | ||
| 005 | 20200204123149.0 | ||
| 008 | 200204s2009 bg 001 0 eng | ||
| 040 |
_aBD-DhUAP _cBD-DhUAP _dBD-DhUAP _bEng |
||
| 082 | 0 | 0 |
_223 _a342.549202 SAL |
| 100 | _aSalam, M. A. | ||
| 245 | 1 | 4 |
_aThe constitution of Bangladesh / _cM. A. Salam. |
| 250 | _a1st ed. | ||
| 260 |
_aDhaka : _bCentre for information and justice, _cc2006 [reprinted 2007]. |
||
| 300 |
_axv, 282 pages ; _c25 cm. |
||
| 650 | 0 |
_aConstitutional law _zBangladesh. |
|
| 942 |
_2ddc _cBK |
||